Top 20 smallest countries in the world quiz - Statistics

General Stats
  • This quiz has been taken 325 times
  • The average score is 14 of 20
Answer Stats
Hint Answer % Correct
1. 0.49 km2 Vatican City
99%
2. 2.02 km2 Monaco
94%
5. 61 km2 San Marino
86%
6. 160 km2 Liechtenstein
81%
3. 21 km2 Nauru
78%
4. 26 km2 Tuvalu
77%
17. 468 km2 Andorra
75%
8. 261 km2 Saint Kitts and Nevis
73%
18. 616 km2 Saint Lucia
69%
10. 316 km2 Malta
68%
12. 389 km2 Saint Vincent and the Grenadines
67%
16. 459 km2 Palau
66%
11. 344 km2 Grenada
64%
13. 430 km2 Barbados
62%
19. 702 km2 Federated States of Micronesia
62%
9. 300 km2 Maldives
62%
14. 442 km2 Antigua and Barbuda
59%
20. 726 km2 Singapore
59%
7. 181 km2 Marshall Islands
58%
15. 452 km2 Seychelles
55%
No matching quizzes found
Score Distribution
Percent of People with Each Score
Percentile by Number Answered
Your Score History
You have not taken this quiz